Water quality and the early life stages of fishes

Gardado en:
Detalles Bibliográficos
Autor Principal: Fuiman, Lee A (Author)
Formato: Libro
Idioma:inglés
Publicado: Bethesda American Fisheries Society 1993
Series:American Fisheries Society Symposium, 14
Subjects:
Tags: Engadir etiqueta
Sen Etiquetas, Sexa o primeiro en etiquetar este rexistro!

MARC

LEADER 00000nam a2200000 a 4500
001 UCL5193
003 CL-VaPUC
005 20230121074309.0
008 040305e19930000us 1 eng d
020 |a 0913235865 
082 0 4 |a 639.3  |b FUI  |2 21 
100 1 |a Fuiman, Lee A  |e author  |9 620521 
245 1 0 |a Water quality and the early life stages of fishes 
260 |a Bethesda  |b American Fisheries Society  |c 1993 
300 |a 172 p 
490 0 |a American Fisheries Society Symposium, 14 
583 |a last modification  |c 20190822 04:10:10  |k Rodrigo Vera 
650 0 7 |a PISCICULTURA  |2 CL-VaPUC  |9 259974 
650 0 0 |a Protección del medio ambiente  |9 257626 
650 0 0 |a Calidad del agua   |9 261394 
942 |c BK 
945 |a cmena  |d 20040305 00:00:00 
546 |a En Inglés 
536 |a U.S. Environmental Protection Agency 
536 |a University of Rhode Island 
518 |p Conference Water Quality and the Early Life Stages of Fishes, 1, Kingston, june 16-20, 1992 
999 |c 383996  |d 383994 
952 |0 0  |1 0  |4 0  |6 639_300000000000000_FUI_1993  |7 0  |8 CCM  |9 506348  |a BIBCUR  |b BIBCUR  |d 2020-01-23  |i 3965449  |o 639.3 FUI 1993  |p 3965449  |r 2025-04-22  |w 2020-01-23  |y BK  |k CIM